Introduction to java programming/ (Record no. 2469)

MARC details
000 -LEADER
fixed length control field 00629nam a22002057a 4500
003 - CONTROL NUMBER IDENTIFIER
control field OSt
005 - DATE AND TIME OF LATEST TRANSACTION
control field 20240722084235.0
008 - FIXED-LENGTH DATA ELEMENTS--GENERAL INFORMATION
fixed length control field 240720b |||||||| |||| 00| 0 eng d
020 ## - INTERNATIONAL STANDARD BOOK NUMBER
International Standard Book Number 978-621-406-147-1
040 ## - CATALOGING SOURCE
Original cataloging agency DWC- Main Lib
Transcribing agency OC
082 ## - DEWEY DECIMAL CLASSIFICATION NUMBER
Classification number Fil. 005.369 P788i 2018
100 ## - MAIN ENTRY--PERSONAL NAME
Personal name Pomperada, Jake R.
245 ## - TITLE STATEMENT
Title Introduction to java programming/
Statement of responsibility, etc. Jake R. Pomperada.
250 ## - EDITION STATEMENT
Edition statement Revised Edition
260 ## - PUBLICATION, DISTRIBUTION, ETC.
Place of publication, distribution, etc. Manila :
Name of publisher, distributor, etc. Minshapers Co., Inc.,
Date of publication, distribution, etc. c2018.
300 ## - PHYSICAL DESCRIPTION
Extent xii , 365 pages :
Other physical details illustrations ;
Dimensions 25cm.
504 ## - BIBLIOGRAPHY, ETC. NOTE
Bibliography, etc. note Includes appendices.
650 ## - SUBJECT ADDED ENTRY--TOPICAL TERM
Topical term or geographic name entry element 1. Java (Computer programs).
942 ## - ADDED ENTRY ELEMENTS (KOHA)
Source of classification or shelving scheme Dewey Decimal Classification
Koha item type Book-Filipiniana
Suppress in OPAC Yes
952 ## - LOCATION AND ITEM INFORMATION (KOHA)
--
952 ## - LOCATION AND ITEM INFORMATION (KOHA)
--
952 ## - LOCATION AND ITEM INFORMATION (KOHA)
--
952 ## - LOCATION AND ITEM INFORMATION (KOHA)
--
Holdings
Withdrawn status Lost status Source of classification or shelving scheme Damaged status Not for loan Home library Current library Date acquired Source of acquisition Cost, normal purchase price Total Checkouts Full call number Barcode Date last seen Copy number Price effective from Koha item type Uniform Resource Identifier
    Dewey Decimal Classification     College Library College Library 08/09/2019 School Fund 795.00   Fil. 005.369 P788i 2018 CL52112 07/20/2024 c1 07/20/2024 BK - FIL
    Dewey Decimal Classification     College Library College Library 08/09/2019 School Fund 795.00   Fil. 005.369 P788i 2018 CL52132 07/20/2024 c2 07/20/2024 BK - FIL
    Dewey Decimal Classification     College Library College Library 08/09/2019 School Fund 795.00   Fil. 005.369 P788i 2018 CL52133 07/20/2024 c3 07/20/2024 BK - FIL
    Dewey Decimal Classification     College Library College Library 04/21/2021 School Fund 375.00   Fil. 005.369 P788i 2018 CL52848 07/20/2024 c4 07/20/2024 BK - FIL